000 00712cam a2200253 4500500
005 20260405003514.0
041 _afre
042 _adc
100 1 0 _aChambrun, Marius
_eauthor
245 0 0 _aPourquoi sommes-nous friands de ragots ?
260 _c2022.
500 _a11
690 _aBlaise Pascal
690 _aHypocrisie
690 _aintérêt
690 _aNorbert Elias
690 _aPéché
690 _aPlutarque
690 _aRumeur
690 _aSociabilité
690 _aVoisinage
786 0 _nPhilosophie magazine | 159 | 5 | 2022-05-01 | p. 50-50 | 1951-1787
856 4 1 _uhttps://shs.cairn.info/magazine-philosophie-magazine-2022-5-page-50?lang=fr&redirect-ssocas=7080
999 _c2068191
_d2068191